[Event "Campeonato Absoluto de Catalunya 2005"]
[Site "Barcelona ESP"]
[Date "2005.03.20"]
[Round "1.4"]
[White "Garreta Martinez, Albert"]
[Black "Narciso Dublan, Marc"]
[Result "0-1"]
[WhiteElo "1989"]
[BlackElo "2458"]
[PlyCount "50"]
[EventDate "2005.03.20"]
[EventType "swiss"]
[EventRounds "9"]
[EventCountry "ESP"]
[Source "lmi"]
[SourceDate "2005.03.29"]

1. c4 e6 2. Nc3 d5 3. d4 Nf6 4. g3 dxc4 5. Bg2 c5 6. e3 cxd4 7. exd4 Nc6 8. Nf3
Bb4 9. O-O O-O 10. Bg5 h6 11. Be3 Nd5 12. Qc2 Bd7 13. Nd2 Nxe3 14. fxe3 Rc8 15.
Rf2 Be7 16. a3 a6 17. Raf1 b5 18. Nce4 f5 19. Nc5 Bxc5 20. dxc5 Ne5 21. b4 Nd3
22. Re2 a5 23. Rb1 axb4 24. axb4 Qc7 25. e4 Nxb4 0-1

[Event "Campeonato Absoluto de Catalunya 2005"]
[Site "Barcelona ESP"]
[Date "2005.03.20"]
[Round "1.5"]
[White "Barrientos, Sergio"]
[Black "Gutierrez Leon, Cristobal"]
[Result "1-0"]
[WhiteElo "2432"]
[BlackElo "1985"]
[PlyCount "47"]
[EventDate "2005.03.20"]
[EventType "swiss"]
[EventRounds "9"]
[EventCountry "ESP"]
[Source "lmi"]
[SourceDate "2005.03.29"]

1. e4 g6 2. d4 d6 3. Nc3 c6 4. Be3 a5 5. Nf3 Bg7 6. h3 Qc7 7. Bd3 Nd7 8. O-O
Ngf6 9. Qd2 b6 10. Rfe1 e5 11. Ne2 O-O 12. Ng3 Re8 13. c4 c5 14. d5 Nf8 15. Nh4
Qe7 16. Bg5 Ra7 17. Rf1 h6 18. Bxh6 Nxe4 19. Nxe4 Qxh4 20. Bg5 Qh7 21. Nxd6
Bxh3 22. Nxe8 Bd7 23. Nf6+ Bxf6 24. Bxf6 1-0

[Event "Campeonato Absoluto de Catalunya 2005"]
[Site "Barcelona ESP"]
[Date "2005.03.20"]
[Round "1.6"]
[White "Martinez Balaguer, Josep Maria"]
[Black "Rahal, Michael"]
[Result "0-1"]
[WhiteElo "1985"]
[BlackElo "2431"]
[PlyCount "42"]
[EventDate "2005.03.20"]
[EventType "swiss"]
[EventRounds "9"]
[EventCountry "ESP"]
[Source "lmi"]
[SourceDate "2005.03.29"]

1. c4 b6 2. Nc3 Bb7 3. Nf3 e6 4. d4 Bb4 5. d5 Nf6 6. dxe6 fxe6 7. Bd2 O-O 8. e3
d6 9. Be2 Bxc3 10. Bxc3 Ne4 11. Qc2 Nxc3 12. Qxc3 Qf6 13. Qxf6 Rxf6 14. O-O-O
Nd7 15. Rd2 Nc5 16. Bd1 a5 17. b3 Raf8 18. Rf1 e5 19. Rc2 Be4 20. Rc3 Bd3 21.
Rg1 e4 0-1

[Event "Campeonato Absoluto de Catalunya 2005"]
[Site "Barcelona ESP"]
[Date "2005.03.20"]
[Round "1.7"]
[White "Muñoz Pantoja, Miguel"]
[Black "Flores Liñan, Josep Luis"]
[Result "1-0"]
[WhiteElo "2424"]
[BlackElo "1980"]
[PlyCount "43"]
[EventDate "2005.03.20"]
[EventType "swiss"]
[EventRounds "9"]
[EventCountry "ESP"]
[Source "lmi"]
[SourceDate "2005.03.29"]

1. e4 c5 2. Nf3 d6 3. d4 cxd4 4. Nxd4 Nf6 5. Nc3 g6 6. Be3 Bg7 7. f3 Nc6 8. Qd2
Bd7 9. g4 Qc8 10. O-O-O Ne5 11. h4 h5 12. g5 Nh7 13. Nd5 Nc4 14. Bxc4 Qxc4 15.
b3 Qc5 16. Kb1 Qc8 17. Rhe1 Bc6 18. Nxe7 Kxe7 19. Nf5+ gxf5 20. Qxd6+ Ke8 21.
exf5 Nf8 22. Qe7+ 1-0

[Event "Campeonato Absoluto de Catalunya 2005"]
[Site "Barcelona ESP"]
[Date "2005.03.20"]
[Round "1.8"]
[White "Diaz Rubi, Felipe"]
[Black "Alonso Moyano, Jonathan"]
[Result "0-1"]
[WhiteElo "1976"]
[BlackElo "2422"]
[PlyCount "72"]
[EventDate "2005.03.20"]
[EventType "swiss"]
[EventRounds "9"]
[EventCountry "ESP"]
[Source "lmi"]
[SourceDate "2005.03.29"]

1. d4 f5 2. g3 Nf6 3. Bg2 d6 4. Nf3 g6 5. c4 Bg7 6. Nc3 O-O 7. O-O Qe8 8. d5
Na6 9. Rb1 Bd7 10. Nd4 c6 11. Bf4 Nc5 12. h3 a5 13. b3 Rc8 14. Rc1 Qf7 15. Be3
Nfe4 16. Nxe4 Nxe4 17. dxc6 bxc6 18. Nf3 h6 19. c5 Be6 20. cxd6 exd6 21. Bd4 c5
22. Bxg7 Qxg7 23. e3 a4 24. bxa4 Rb8 25. Qd3 Rb2 26. Rc2 Bxa2 27. Nd2 d5 28.
Rxb2 Qxb2 29. Nxe4 fxe4 30. Qb5 Qxb5 31. axb5 Bc4 32. Rb1 Bd3 33. Rc1 c4 34.
Bf1 Rb8 35. Bxd3 exd3 36. e4 d2 0-1

[Event "Campeonato Absoluto de Catalunya 2005"]
[Site "Barcelona ESP"]
[Date "2005.03.20"]
[Round "1.9"]
[White "Gual Pascual, Antonio"]
[Black "Montoliu Daroca, Inma"]
[Result "1-0"]
[WhiteElo "2421"]
[BlackElo "1967"]
[PlyCount "27"]
[EventDate "2005.03.20"]
[EventType "swiss"]
[EventRounds "9"]
[EventCountry "ESP"]
[Source "lmi"]
[SourceDate "2005.03.29"]

1. d4 d5 2. c4 Nf6 3. cxd5 Qxd5 4. Nc3 Qd8 5. Nf3 e6 6. e4 Be7 7. Bd3 O-O 8. h4
Nc6 9. e5 Nd5 10. Bxh7+ Kxh7 11. Ng5+ Bxg5 12. hxg5+ Kg8 13. Qh5 f6 14. g6 1-0

[Event "Campeonato Absoluto de Catalunya 2005"]
[Site "Barcelona ESP"]
[Date "2005.03.20"]
[Round "1.10"]
[White "Fortes Gil, Josep Maria"]
[Black "Granados Gomez, Manuel"]
[Result "0-1"]
[WhiteElo "1961"]
[BlackElo "2414"]
[PlyCount "40"]
[EventDate "2005.03.20"]
[EventType "swiss"]
[EventRounds "9"]
[EventCountry "ESP"]
[Source "lmi"]
[SourceDate "2005.03.29"]

1. e4 e5 2. Nf3 Nc6 3. d4 exd4 4. Bc4 Nf6 5. e5 d5 6. Bb5 Ne4 7. Nxd4 Bd7 8.
Bxc6 bxc6 9. Nb3 Be7 10. O-O O-O 11. Be3 f6 12. f3 Ng5 13. f4 Nf7 14. Bd4 fxe5
15. fxe5 Ng5 16. Nc5 Rxf1+ 17. Qxf1 Bxc5 18. Bxc5 Ne4 19. Be3 Qe7 20. Bf4 Qc5+
0-1

[Event "Campeonato Absoluto de Catalunya 2005"]
[Site "Barcelona ESP"]
[Date "2005.03.21"]
[Round "2.1"]
[White "Parligras, Mircea"]
[Black "Trescastro Julia, Joaquin"]
[Result "1-0"]
[WhiteElo "2567"]
[BlackElo "2105"]
[PlyCount "49"]
[EventDate "2005.03.20"]
[EventType "swiss"]
[EventRounds "9"]
[EventCountry "ESP"]
[Source "lmi"]
[SourceDate "2005.03.29"]

1. e4 c5 2. Nf3 e6 3. d4 cxd4 4. Nxd4 a6 5. Nc3 Qc7 6. Bd3 Nc6 7. Be3 b5 8.
Nxc6 Qxc6 9. O-O Bb7 10. a3 Nf6 11. Qe2 h5 12. f3 Qc7 13. Bd4 Bc5 14. Qe3 d6
15. b4 Bxd4 16. Qxd4 Ke7 17. Ne2 h4 18. h3 Nd7 19. Qxg7 Nf6 20. Nf4 Rhg8 21.
Ng6+ Ke8 22. Qxf6 Rxg6 23. Qxh4 Qc3 24. e5 Rg8 25. exd6 1-0

[Event "Campeonato Absoluto de Catalunya 2005"]
[Site "Barcelona ESP"]
[Date "2005.03.21"]
[Round "2.2"]
[White "Moskalenko, Viktor"]
[Black "Catalan Escale, Enric"]
[Result "1-0"]
[WhiteElo "2530"]
[BlackElo "2100"]
[PlyCount "75"]
[EventDate "2005.03.20"]
[EventType "swiss"]
[EventRounds "9"]
[EventCountry "ESP"]
[Source "lmi"]
[SourceDate "2005.03.29"]

1. d4 d5 2. c4 c6 3. Nf3 Nf6 4. Nc3 dxc4 5. a4 Bf5 6. Nh4 e6 7. Nxf5 exf5 8. e3
Bd6 9. Bxc4 O-O 10. h3 Nbd7 11. O-O a5 12. f3 Nh5 13. e4 Ng3 14. Re1 fxe4 15.
fxe4 Qh4 16. Qg4 Nf5 17. Qxh4 Nxh4 18. Bg5 Ng6 19. e5 Bb4 20. e6 Nb6 21. exf7+
Kh8 22. Be6 Be7 23. Be3 Rad8 24. Rad1 Nd5 25. Nxd5 cxd5 26. Bd2 b6 27. Rf1 Rd6
28. Rde1 Bf6 29. Bc3 Ne7 30. Bg4 g6 31. Re6 Rxe6 32. Bxe6 Kg7 33. g4 Rd8 34.
Kg2 Bg5 35. Be1 Kf8 36. Bg3 Be3 37. Bc7 Ra8 38. Be5 1-0

[Event "Campeonato Absoluto de Catalunya 2005"]
[Site "Barcelona ESP"]
[Date "2005.03.21"]
[Round "2.3"]
[White "Rafols Albet, Josep"]
[Black "Gonzalez Garcia, Jose"]
[Result "0-1"]
[WhiteElo "2097"]
[BlackElo "2470"]
[PlyCount "108"]
[EventDate "2005.03.20"]
[EventType "swiss"]
[EventRounds "9"]
[EventCountry "ESP"]
[Source "lmi"]
[SourceDate "2005.03.29"]

1. b3 d5 2. Bb2 Bg4 3. f3 Bh5 4. e3 e6 5. Ne2 f6 6. Ng3 Bg6 7. f4 Bd6 8. c4 c6
9. Be2 Nh6 10. O-O O-O 11. Nc3 Nd7 12. Kh1 Qe7 13. d3 Rad8 14. Rc1 Bb4 15. d4
Kh8 16. c5 Ba5 17. a3 Bc7 18. b4 a6 19. a4 e5 20. f5 Bf7 21. b5 a5 22. b6 Bb8
23. Qd2 e4 24. Nd1 g6 25. fxg6 hxg6 26. Qxa5 f5 27. Bc3 Qg5 28. Be1 Nf6 29. Nf2
Nhg4 30. Nxg4 Nxg4 31. Bxg4 Qxg4 32. Qd2 Be6 33. Ne2 g5 34. Bg3 Bxg3 35. hxg3
Kg7 36. Kg1 Rh8 37. Qd1 Qh5 38. Kf2 f4 39. exf4 e3+ 40. Kxe3 Bg4 41. Rc2 Rde8+
42. Kf2 gxf4 43. gxf4 Qh4+ 44. Kg1 Qh2+ 45. Kf2 Rh3 46. Qc1 Rxe2+ 47. Rxe2 Rf3+
48. Ke1 Rxf1+ 49. Kxf1 Qh1+ 50. Kf2 Qxc1 51. Re7+ Kf6 52. Rxb7 Qxf4+ 53. Kg1
Qxd4+ 54. Kh1 Qxc5 0-1

[Event "Campeonato Absoluto de Catalunya 2005"]
[Site "Barcelona ESP"]
[Date "2005.03.21"]
[Round "2.4"]
[White "Narciso Dublan, Marc"]
[Black "Brugarolas Manzaneque, Carlos"]
[Result "1-0"]
[WhiteElo "2458"]
[BlackElo "2093"]
[PlyCount "35"]
[EventDate "2005.03.20"]
[EventType "swiss"]
[EventRounds "9"]
[EventCountry "ESP"]
[Source "lmi"]
[SourceDate "2005.03.29"]

1. c4 c6 2. e4 e5 3. Nf3 d6 4. d4 Nd7 5. Nc3 Ngf6 6. Be2 g6 7. O-O Bg7 8. d5
Qe7 9. Be3 O-O 10. Nd2 Ne8 11. dxc6 bxc6 12. Qa4 Bb7 13. Nb3 f5 14. f3 Nc7 15.
Na5 Nb6 16. Qb3 c5 17. Nxb7 Rab8 18. Na5 1-0

[Event "Campeonato Absoluto de Catalunya 2005"]
[Site "Barcelona ESP"]
[Date "2005.03.21"]
[Round "2.5"]
[White "Catarineu Navines, Federico"]
[Black "Barrientos, Sergio"]
[Result "0-1"]
[WhiteElo "2090"]
[BlackElo "2432"]
[PlyCount "58"]
[EventDate "2005.03.20"]
[EventType "swiss"]
[EventRounds "9"]
[EventCountry "ESP"]
[Source "lmi"]
[SourceDate "2005.03.29"]

1. d4 d5 2. Nf3 Nf6 3. e3 c6 4. c4 e6 5. Nc3 Nbd7 6. Bd2 Bd6 7. a3 O-O 8. c5
Bc7 9. Be2 Re8 10. O-O e5 11. dxe5 Nxe5 12. Qc2 Qe7 13. b4 Nfg4 14. h3 Nxf3+
15. Bxf3 Nh2 16. Be2 Nxf1 17. Bxf1 a5 18. Re1 axb4 19. axb4 Qg5 20. f4 Bf5 21.
Bd3 Bxd3 22. Qxd3 Qg6 23. Qxg6 hxg6 24. Ne2 Ra2 25. Rd1 Bd8 26. Kf2 Bf6 27. g4
g5 28. f5 Re4 29. Kf3 Rc4 0-1

[Event "Campeonato Absoluto de Catalunya 2005"]
[Site "Barcelona ESP"]
[Date "2005.03.21"]
[Round "2.6"]
[White "Rahal, Michael"]
[Black "Osuna Muñoz, Xavier"]
[Result "1-0"]
[WhiteElo "2431"]
[BlackElo "2085"]
[PlyCount "73"]
[EventDate "2005.03.20"]
[EventType "swiss"]
[EventRounds "9"]
[EventCountry "ESP"]
[Source "lmi"]
[SourceDate "2005.03.29"]

1. e4 c5 2. Nf3 Nc6 3. Bb5 Nd4 4. Nxd4 cxd4 5. O-O g6 6. c3 Qb6 7. Qb3 Bg7 8.
cxd4 Qxd4 9. Bc4 e6 10. Nc3 a6 11. a4 Ne7 12. d3 Nc6 13. a5 O-O 14. Be3 Qe5 15.
Qb6 g5 16. Kh1 g4 17. f4 gxf3 18. Rxf3 Kh8 19. Rg3 f5 20. d4 Qf6 21. exf5 Qxf5
22. Rf3 Qh5 23. Be2 Rxf3 24. Bxf3 Qf7 25. d5 Ne5 26. Bh5 Ng6 27. d6 h6 28. Ne2
Qf5 29. Ng3 Qd3 30. Rd1 Qc2 31. Rc1 Qd3 32. Be2 Qd5 33. Qd8+ Kh7 34. Rxc8 Rxc8
35. Qxc8 Nh4 36. Qc2+ Kg8 37. Qe4 1-0

[Event "Campeonato Absoluto de Catalunya 2005"]
[Site "Barcelona ESP"]
[Date "2005.03.21"]
[Round "2.7"]
[White "Garreta Martinez, Albert"]
[Black "Muñoz Pantoja, Miguel"]
[Result "0-1"]
[WhiteElo "1989"]
[BlackElo "2424"]
[PlyCount "72"]
[EventDate "2005.03.20"]
[EventType "swiss"]
[EventRounds "9"]
[EventCountry "ESP"]
[Source "lmi"]
[SourceDate "2005.03.29"]

1. e4 c5 2. c3 Nf6 3. e5 Nd5 4. d4 cxd4 5. cxd4 d6 6. Nf3 Nc6 7. Bc4 Nb6 8. Bb3
d5 9. Nc3 Bg4 10. Be3 e6 11. Rc1 f6 12. h3 Bxf3 13. Qxf3 Bb4 14. exf6 O-O 15.
Qg4 Qxf6 16. O-O Rae8 17. Nb5 Rf7 18. Bc2 g6 19. Bg5 Qg7 20. a3 Bf8 21. Be3 a6
22. Nc3 Nc4 23. Rce1 Bd6 24. Bb3 b5 25. Ba2 h5 26. Qd1 Nxb2 27. Qc2 Nc4 28. a4
Bb4 29. axb5 axb5 30. Nxb5 Bxe1 31. Bxc4 Nb4 32. Qa4 dxc4 33. Rxe1 Nd3 34. Nd6
Rb8 35. Nxf7 Nxe1 36. Bf4 Rb1 0-1

[Event "Campeonato Absoluto de Catalunya 2005"]
[Site "Barcelona ESP"]
[Date "2005.03.21"]
[Round "2.8"]
[White "Alonso Moyano, Jonathan"]
[Black "Santos Ramos, Carles"]
[Result "1-0"]
[WhiteElo "2422"]
[BlackElo "2084"]
[PlyCount "45"]
[EventDate "2005.03.20"]
[EventType "swiss"]
[EventRounds "9"]
[EventCountry "ESP"]
[Source "lmi"]
[SourceDate "2005.03.29"]

1. e4 g6 2. d4 Bg7 3. Nc3 d6 4. Be3 Nc6 5. d5 Ne5 6. f4 Ng4 7. Bd4 N8f6 8. h3
Nh6 9. g4 Nhg8 10. g5 Nh5 11. Be2 Bxd4 12. Qxd4 f6 13. Bxh5 gxh5 14. Qd1 Bd7
15. Qxh5+ Kf8 16. O-O-O Qe8 17. Qf3 Qg6 18. Nge2 Kg7 19. gxf6+ Qxf6 20. Rhg1+
Kf8 21. Rdf1 Qh4 22. e5 Qxh3 23. Rg3 1-0

[Event "Campeonato Absoluto de Catalunya 2005"]
[Site "Barcelona ESP"]
[Date "2005.03.21"]
[Round "2.9"]
[White "Sanfeliu Fabregas, Albert"]
[Black "Gual Pascual, Antonio"]
[Result "0-1"]
[WhiteElo "2081"]
[BlackElo "2421"]
[PlyCount "78"]
[EventDate "2005.03.20"]
[EventType "swiss"]
[EventRounds "9"]
[EventCountry "ESP"]
[Source "lmi"]
[SourceDate "2005.03.29"]

1. e4 d6 2. d4 Nf6 3. Nc3 g6 4. Bg5 c6 5. f4 Qb6 6. Rb1 Bg7 7. e5 Nd5 8. Nxd5
cxd5 9. c3 h6 10. Bh4 g5 11. fxg5 dxe5 12. dxe5 Bf5 13. Bf2 Qe6 14. Bd3 hxg5
15. Bxf5 Qxf5 16. Ne2 Bxe5 17. Ng3 Bxg3 18. Bxg3 Nc6 19. Rf1 Qe6+ 20. Kf2 O-O-O
21. Qa4 f5 22. Rbe1 Qh6 23. Be5 Rh7 24. h3 e6 25. Kg1 g4 26. Bf4 Qg6 27. hxg4
fxg4 28. Bg3 Rdh8 29. Rf4 Rh1+ 30. Kf2 Rxe1 31. Kxe1 Qb1+ 32. Kf2 Qxb2+ 33. Kg1
Qc1+ 34. Rf1 Qe3+ 35. Bf2 Qe5 36. Bd4 Qh2+ 37. Kf2 Rf8+ 38. Ke1 Rxf1+ 39. Kxf1
Qf4+ 0-1

[Event "Campeonato Absoluto de Catalunya 2005"]
[Site "Barcelona ESP"]
[Date "2005.03.21"]
[Round "2.10"]
[White "Granados Gomez, Manuel"]
[Black "Izuel Samitier, Francesc"]
[Result "1-0"]
[WhiteElo "2414"]
[BlackElo "2078"]
[PlyCount "39"]
[EventDate "2005.03.20"]
[EventType "swiss"]
[EventRounds "9"]
[EventCountry "ESP"]
[Source "lmi"]
[SourceDate "2005.03.29"]

1. c4 Nf6 2. Nc3 g6 3. e4 d6 4. g3 c5 5. Bg2 Bg7 6. Nge2 Nc6 7. d3 Bd7 8. O-O
Rb8 9. h3 a6 10. a4 O-O 11. Be3 Qa5 12. Qd2 Rfe8 13. f4 Qb4 14. g4 h5 15. g5
Nh7 16. Qc2 e6 17. Bd2 Nd4 18. Nxd4 Bxd4+ 19. Kh1 Bc6 20. a5 1-0

[Event "Campeonato Absoluto de Catalunya 2005"]
[Site "Barcelona ESP"]
[Date "2005.03.22"]
[Round "3.1"]
[White "Iglesias, Jorge"]
[Black "Parligras, Mircea"]
[Result "1/2-1/2"]
[WhiteElo "2351"]
[BlackElo "2567"]
[PlyCount "67"]
[EventDate "2005.03.20"]
[EventType "swiss"]
[EventRounds "9"]
[EventCountry "ESP"]
[Source "lmi"]
[SourceDate "2005.03.29"]

1. e4 c5 2. Nf3 Nc6 3. d4 cxd4 4. Nxd4 Nf6 5. Nc3 e5 6. Ndb5 d6 7. Bg5 a6 8.
Na3 b5 9. Bxf6 gxf6 10. Nd5 f5 11. Bd3 Be6 12. c3 Bg7 13. Nxb5 Bxd5 14. exd5
Ne7 15. Na3 O-O 16. O-O e4 17. Be2 Ng6 18. Re1 f4 19. Bf1 f5 20. Nc4 Ne5 21.
Nxe5 Bxe5 22. f3 Qb6+ 23. Kh1 Qxb2 24. Rb1 Qxc3 25. fxe4 fxe4 26. Rxe4 Ra7 27.
Rc4 Qe3 28. Rc8 f3 29. Rxf8+ Kxf8 30. Qxf3+ Qxf3 31. gxf3 a5 32. Bb5 Rf7 33.
Bd3 Ra7 34. Rb8+ 1/2-1/2

[Event "Campeonato Absoluto de Catalunya 2005"]
[Site "Barcelona ESP"]
[Date "2005.03.22"]
[Round "3.2"]
[White "Fernandez Aguado, Enrique"]
[Black "Moskalenko, Viktor"]
[Result "0-1"]
[WhiteElo "2338"]
[BlackElo "2530"]
[PlyCount "78"]
[EventDate "2005.03.20"]
[EventType "swiss"]
[EventRounds "9"]
[EventCountry "ESP"]
[Source "lmi"]
[SourceDate "2005.03.29"]

1. c4 e5 2. Nc3 c5 3. g3 Nc6 4. Bg2 d6 5. d3 g6 6. Nf3 Bg7 7. O-O Nge7 8. Rb1
O-O 9. a3 a5 10. Ne1 Be6 11. Nd5 Rb8 12. Bg5 f6 13. Bd2 b5 14. b4 axb4 15. axb4
bxc4 16. Nxe7+ Nxe7 17. bxc5 dxc5 18. Be3 Nd5 19. Bxc5 Nc3 20. Rxb8 Nxd1 21.
Rxd8 Rxd8 22. Bb4 Rb8 23. Nc2 cxd3 24. exd3 Nb2 25. Ba3 Nxd3 26. Rd1 Rc8 27.
Ne3 Rc3 28. Bd6 Rc1 29. Be4 Rxd1+ 30. Nxd1 Nc1 31. Nc3 f5 32. Bc6 e4 33. Nb5
Bf8 34. Bxf8 Kxf8 35. Nd4 Ke7 36. Nc2 Kd6 37. Be8 Bb3 38. Ne3 Ne2+ 39. Kg2 Nd4
0-1

[Event "Campeonato Absoluto de Catalunya 2005"]
[Site "Barcelona ESP"]
[Date "2005.03.22"]
[Round "3.3"]
[White "Gonzalez Garcia, Jose"]
[Black "Rios Parra, Alejandro"]
[Result "1-0"]
[WhiteElo "2470"]
[BlackElo "2315"]
[PlyCount "71"]
[EventDate "2005.03.20"]
[EventType "swiss"]
[EventRounds "9"]
[EventCountry "ESP"]
[Source "lmi"]
[SourceDate "2005.03.29"]

1. d4 Nf6 2. c4 e6 3. Nc3 Bb4 4. e3 O-O 5. Bd3 d6 6. Nge2 c5 7. O-O e5 8. dxe5
dxe5 9. Qc2 Bg4 10. Ng3 Nc6 11. Nd5 h6 12. h3 Be6 13. Rd1 Ba5 14. a3 Kh8 15. b3
Rc8 16. Bb2 Re8 17. Rab1 a6 18. Ba1 Bc7 19. Be2 Bb8 20. Bf3 Nd7 21. Rd2 Kg8 22.
Be4 g6 23. Nc3 f5 24. Bd5 Nf8 25. Bxe6+ Rxe6 26. Nd5 Qg5 27. Ne2 f4 28. Qe4 Nd8
29. Qf3 Qf5 30. Rbd1 Nf7 31. exf4 exf4 32. Nexf4 Ne5 33. Qc3 Ree8 34. Ne2 g5
35. Ng3 Qg6 36. Re2 1-0

[Event "Campeonato Absoluto de Catalunya 2005"]
[Site "Barcelona ESP"]
[Date "2005.03.22"]
[Round "3.4"]
[White "Mela, Benjamin"]
[Black "Narciso Dublan, Marc"]
[Result "1/2-1/2"]
[WhiteElo "2328"]
[BlackElo "2458"]
[PlyCount "69"]
[EventDate "2005.03.20"]
[EventType "swiss"]
[EventRounds "9"]
[EventCountry "ESP"]
[Source "lmi"]
[SourceDate "2005.03.29"]

1. e4 e6 2. d4 d5 3. Nc3 Nf6 4. exd5 exd5 5. h3 Bb4 6. Bd3 O-O 7. a3 Bxc3+ 8.
bxc3 b6 9. Ne2 c5 10. dxc5 bxc5 11. c4 dxc4 12. Bxc4 Qxd1+ 13. Kxd1 Bb7 14. f3
Nbd7 15. Bb2 Nb6 16. Ba2 Nh5 17. Re1 Rad8+ 18. Kc1 Rfe8 19. Bc3 Ba6 20. Ng1 Nf4
21. g3 Rxe1+ 22. Bxe1 Ne2+ 23. Nxe2 Bxe2 24. Bd2 Bxf3 25. a4 Bg2 26. a5 Nd7 27.
Rb1 Rb8 28. Rxb8+ Nxb8 29. Be3 Nd7 30. Bc4 Bc6 31. Ba6 Kf8 32. Bc8 Ke7 33. Bxd7
Kxd7 34. Bxc5 a6 35. Kd2 1/2-1/2

[Event "Campeonato Absoluto de Catalunya 2005"]
[Site "Barcelona ESP"]
[Date "2005.03.22"]
[Round "3.5"]
[White "Barrientos, Sergio"]
[Black "Szmetan, Ricardo"]
[Result "1/2-1/2"]
[WhiteElo "2432"]
[BlackElo "2278"]
[PlyCount "25"]
[EventDate "2005.03.20"]
[EventType "swiss"]
[EventRounds "9"]
[EventCountry "ESP"]
[Source "lmi"]
[SourceDate "2005.03.29"]

1. e4 c5 2. Nf3 Nc6 3. Bb5 g6 4. c3 Nf6 5. Qe2 Bg7 6. O-O O-O 7. e5 Ne8 8. d4
cxd4 9. cxd4 Nc7 10. Ba4 d6 11. Rd1 Bg4 12. h3 Bxf3 13. Qxf3 1/2-1/2

[Event "Campeonato Absoluto de Catalunya 2005"]
[Site "Barcelona ESP"]
[Date "2005.03.22"]
[Round "3.6"]
[White "Martin Perez, Javier"]
[Black "Rahal, Michael"]
[Result "0-1"]
[WhiteElo "2293"]
[BlackElo "2431"]
[PlyCount "84"]
[EventDate "2005.03.20"]
[EventType "swiss"]
[EventRounds "9"]
[EventCountry "ESP"]
[Source "lmi"]
[SourceDate "2005.03.29"]

1. e4 e6 2. d4 d5 3. Nc3 Bb4 4. e5 c5 5. a3 Bxc3+ 6. bxc3 Qc7 7. Nf3 h6 8. a4
Nc6 9. Bb5 Bd7 10. O-O b6 11. Qe2 Rc8 12. c4 Nge7 13. cxd5 Nxd5 14. dxc5 bxc5
15. Bb2 O-O 16. Rfd1 Rfd8 17. Qe4 Nce7 18. Bd3 Ng6 19. h4 Bc6 20. Qg4 Ndf4 21.
Bf1 h5 22. Qg3 Qb7 23. Rdb1 Bxf3 24. gxf3 Qd5 25. c4 Qd2 26. Bc1 Ne2+ 27. Bxe2
Qxe2 28. Be3 Qxc4 29. f4 Qe4 30. Qg5 c4 31. a5 c3 32. Rc1 Rd3 33. Re1 a6 34.
Kh2 c2 35. Qxh5 Ne7 36. Qg5 Nf5 37. Rg1 Rxe3 38. fxe3 Qxe3 39. Rac1 Rc3 40. Qg4
Qd2+ 41. Kh1 Ng3+ 42. Rxg3 Rxg3 0-1

[Event "Campeonato Absoluto de Catalunya 2005"]
[Site "Barcelona ESP"]
[Date "2005.03.22"]
[Round "3.7"]
[White "Muñoz Pantoja, Miguel"]
[Black "Bautista Sanchez, Joan"]
[Result "1-0"]
[WhiteElo "2424"]
[BlackElo "2235"]
[PlyCount "41"]
[EventDate "2005.03.20"]
[EventType "swiss"]
[EventRounds "9"]
[EventCountry "ESP"]
[Source "lmi"]
[SourceDate "2005.03.29"]

1. e4 c6 2. Nc3 d5 3. Nf3 Bg4 4. Be2 e6 5. O-O Nf6 6. Ne5 Bxe2 7. Qxe2 Be7 8.
d3 O-O 9. f4 Nbd7 10. Nf3 dxe4 11. dxe4 Qb6+ 12. Kh1 Rfe8 13. e5 Nd5 14. Ne4
Nc5 15. c4 Nxe4 16. Qxe4 Nc7 17. Be3 Bc5 18. Bxc5 Qxc5 19. Ng5 g6 20. Qe2 Rad8
21. Ne4 1-0

[Event "Campeonato Absoluto de Catalunya 2005"]
[Site "Barcelona ESP"]
[Date "2005.03.22"]
[Round "3.8"]
[White "Simon Padros, Emili"]
[Black "Alonso Moyano, Jonathan"]
[Result "1/2-1/2"]
[WhiteElo "2274"]
[BlackElo "2422"]
[PlyCount "112"]
[EventDate "2005.03.20"]
[EventType "swiss"]
[EventRounds "9"]
[EventCountry "ESP"]
[Source "lmi"]
[SourceDate "2005.03.29"]

1. e4 c5 2. d3 Nc6 3. g3 d5 4. exd5 Qxd5 5. Nf3 Nd4 6. Bg2 Bh3 7. O-O Bxg2 8.
Kxg2 Nf6 9. Be3 e6 10. Nc3 Qc6 11. Ne4 O-O-O 12. Bxd4 cxd4 13. Qe2 Nxe4 14.
Qxe4 Qxe4 15. dxe4 f6 16. Rad1 Bc5 17. Ne1 Kd7 18. c4 a6 19. Nd3 Ba7 20. f4 Rc8
21. Rc1 Rc7 22. c5 Rhc8 23. Rc4 Bxc5 24. Nxc5+ Rxc5 25. Rxd4+ Ke7 26. Rfd1 R8c7
27. Kf3 e5 28. R4d2 exf4 29. gxf4 Ra5 30. a3 Rb5 31. Re1 Rd7 32. Rxd7+ Kxd7 33.
Rd1+ Ke7 34. b4 Rh5 35. Kg3 g5 36. Rc1 gxf4+ 37. Kg4 Rg5+ 38. Kxf4 Kd7 39. Rc3
Rh5 40. h3 Kd6 41. Kg4 Rg5+ 42. Kf4 Rg1 43. Rf3 Ke6 44. Rc3 Rf1+ 45. Ke3 Kd6
46. Rd3+ Kc6 47. Rc3+ Kb5 48. Rc5+ Kb6 49. Rh5 Ra1 50. Rxh7 Rxa3+ 51. Kd4 Rb3
52. Kc4 Rf3 53. h4 Kc6 54. h5 b5+ 55. Kd4 Rh3 56. Rf7 Rxh5 1/2-1/2

[Event "Campeonato Absoluto de Catalunya 2005"]
[Site "Barcelona ESP"]
[Date "2005.03.22"]
[Round "3.9"]
[White "Gual Pascual, Antonio"]
[Black "Exposito Amaro, Josue"]
[Result "1-0"]
[WhiteElo "2421"]
[BlackElo "2170"]
[PlyCount "55"]
[EventDate "2005.03.20"]
[EventType "swiss"]
[EventRounds "9"]
[EventCountry "ESP"]
[Source "lmi"]
[SourceDate "2005.03.29"]

1. d4 Nf6 2. c4 g6 3. Nc3 d5 4. cxd5 Nxd5 5. e4 Nxc3 6. bxc3 Bg7 7. Bb5+ c6 8.
Ba4 Qa5 9. Bd2 Nd7 10. Ne2 e5 11. O-O O-O 12. f4 b5 13. Bb3 exd4 14. cxd4 Qb6
15. Kh1 c5 16. Rb1 cxd4 17. Bb4 Re8 18. f5 gxf5 19. Ng3 Ne5 20. Bd5 Bb7 21.
Nxf5 Bxd5 22. exd5 Nc4 23. Nxg7 Kxg7 24. Qg4+ Qg6 25. Qxd4+ Kg8 26. Bc3 Re5 27.
Rxb5 Rae8 28. Qxc4 1-0

[Event "Campeonato Absoluto de Catalunya 2005"]
[Site "Barcelona ESP"]
[Date "2005.03.22"]
[Round "3.10"]
[White "Garcia Jimenez, Fransisco Javier"]
[Black "Granados Gomez, Manuel"]
[Result "1/2-1/2"]
[WhiteElo "2242"]
[BlackElo "2414"]
[PlyCount "53"]
[EventDate "2005.03.20"]
[EventType "swiss"]
[EventRounds "9"]
[EventCountry "ESP"]
[Source "lmi"]
[SourceDate "2005.03.29"]

1. e4 e5 2. Nf3 Nc6 3. d4 exd4 4. Nxd4 Nf6 5. Nc3 Bb4 6. Nxc6 bxc6 7. Bd3 d5 8.
exd5 cxd5 9. Qe2+ Be7 10. Bb5+ Bd7 11. Bxd7+ Qxd7 12. O-O O-O 13. Bf4 d4 14.
Rad1 c5 15. Bg5 Rfc8 16. Bxf6 Bxf6 17. Ne4 Be5 18. Qf3 Qc7 19. g3 Rab8 20. b3
c4 21. Nd2 cxb3 22. cxb3 Qc2 23. Nc4 Bf6 24. Rd2 Qc3 25. Rd3 Qb4 26. Rfd1 Qe7
27. Kg2 1/2-1/2